000 00887ngm a22003250a 4500
001 PT24885
003 AR-LpoUNG
005 20210202000351.0
007 vd cvaizq
008 191001s2002||||ag |||||||||||||||||spa d
040 _aAR-LpoUNG
_bspa
_cAR-LpoUNG
_eaacr
041 _aspa
044 _aag
082 0 _a302 791bal
100 1 _aLlinás, Mariano
_edir.
245 1 0 _aBalnearios
260 _a[Buenos Aires] :
_bs.n.,
_c[2002].
300 _aDVD (80 min.) : son., col.
520 _aExótico documental sobre las ciudades balnearias y los insensatos rituales que los turistas practican en ellas.
650 4 _aARGENTINA
650 4 _aASPECTOS SOCIALES
650 4 _aFACTORES CULTURALES
650 4 _aIDENTIDAD CULTURAL
651 4 _aArgentina
653 _aCINE ARGENTINO
653 _aDOCUMENTALES
653 _aVIDEOS
905 _a24885
942 _cDVD
999 _c54723
_d54723